| 000 | 00366pam a2200145 a 4500 | ||
|---|---|---|---|
| 020 | _c | ||
| 041 | _h | ||
| 082 |
_a657.41999999999996 _bOWL |
||
| 100 | _aOwler, L.W.S. | ||
| 245 |
_aWheldons Cost Accounting And Costing Method _hTextual Documents |
||
| 260 |
_aLondon _bEnglish Language Book Society |
||
| 300 | _a770/PB | ||
| 700 | _aBrown, J.L. | ||
| 930 | _a5336 | ||
| 999 |
_c112166 _d112166 |
||